000 00184nam a22000977a 4500
100 _aDhama
245 _aPrenapunj Kiran Badi
260 _bGayanvigyan
300 _a158
942 _2ddc
_cBK
999 _c4328
_d4328